Неметаллические конструкционные материалы: учебное пособие для вузов

Detaylı Bibliyografya
Yazar: Бобович Б. Б. Борис Борисович
Müşterek Yazar: Московский государственный индустриальный университет (МГИУ)
Özet:В учебном пособии рассмотрены структура, свойства и области применения неметаллических конструкционных материалов. Даны характеристики пластмасс, резин, армированных пластиков, клеев, герметиков, текстильных и лакокрасочных материалов, а также керамик, стекол, ситаллов и др. Рассмотрены способы переработки неметаллических конструкционных материалов и даны рекомендации по их выбору с учетом конструкции и условий эксплуатации изготавливаемых из них изделий.Пособие предназначено для студентов технических вузов. Может быть полезно аспирантам и специалистам промышленности, занимающимся конструированием и производством новой техники.
Dil:Rusça
Baskı/Yayın Bilgisi: Москва, Изд-во МГИУ, 2009
Konular:
Materyal Türü: Kitap
KOHA link:https://koha.lib.tpu.ru/cgi-bin/koha/opac-detail.pl?biblionumber=153197

MARC

LEADER 00000nam0a2200000 4500
001 153197
005 20231101221657.0
010 |a 9785276016412  |b 1000 экз. 
021 |a RU  |b 09-32122  |9 09-1940 
035 |a (RuTPU)RU\TPU\book\166203 
090 |a 153197 
100 |a 20090520d2009 m y0rusy5002 ca 
101 0 |a rus 
102 |a RU 
105 |a a j 001zy 
200 1 |a Неметаллические конструкционные материалы  |e учебное пособие для вузов  |f Б. Б. Бобович  |g Московский государственный индустриальный университет (МГИУ) 
210 |a Москва  |c Изд-во МГИУ  |d 2009 
215 |a 383 с.  |c ил.  |d 21 см. 
320 |a Библиогр. в конце глав. 
320 |a Предм. указ.: с. 378-383. 
330 |a В учебном пособии рассмотрены структура, свойства и области применения неметаллических конструкционных материалов. Даны характеристики пластмасс, резин, армированных пластиков, клеев, герметиков, текстильных и лакокрасочных материалов, а также керамик, стекол, ситаллов и др. Рассмотрены способы переработки неметаллических конструкционных материалов и даны рекомендации по их выбору с учетом конструкции и условий эксплуатации изготавливаемых из них изделий.Пособие предназначено для студентов технических вузов. Может быть полезно аспирантам и специалистам промышленности, занимающимся конструированием и производством новой техники. 
606 1 |a Конструкционные материалы  |2 stltpush  |3 (RuTPU)RU\TPU\subj\15449 
606 1 |a Полимерные материалы  |2 stltpush  |3 (RuTPU)RU\TPU\subj\68289  |9 83717 
610 1 |a неметаллические конструкционные материалы 
610 1 |a органические полимерные материалы 
610 1 |a характеристика 
610 1 |a строение 
610 1 |a физические состояния 
610 1 |a фазовые состояния 
610 1 |a полимеры 
610 1 |a классификация 
610 1 |a органические гомоатомные полимеры 
610 1 |a механические нагрузки 
610 1 |a старение 
610 1 |a стабилизация 
610 1 |a полимерные композитные материалы 
610 1 |a создание 
610 1 |a армированные пластики 
610 1 |a эластомерные материалы 
610 1 |a переработка 
610 1 |a пластические массы 
610 1 |a пластмассы 
610 1 |a применение 
610 1 |a полимерные клеи 
610 1 |a герметики 
610 1 |a лакокрасочные материалы 
610 1 |a текстильные материалы 
610 1 |a неорганические полимеры 
610 1 |a конструкционная керамика 
610 1 |a керметы 
610 1 |a стекло 
610 1 |a ситаллы 
610 1 |a учебные пособия 
675 |a 620.22(075.8)  |v 3  |z rus 
675 |a 678(075.8)  |v 3 
700 1 |a Бобович  |b Б. Б.  |g Борис Борисович  |4 070 
712 0 2 |a Московский государственный индустриальный университет (МГИУ)  |2 stltpush  |3 (RuTPU)RU\TPU\col\11073 
801 1 |a RU  |b 63413507  |c 20090210  |g PSBO 
801 2 |a RU  |b 63413507  |c 20150602  |g PSBO 
900 |a Неметаллические материалы 
900 |a Материаловедение и технология конструкционных материалов 
900 |a Материаловедение и технология неметаллических материалов 
942 |c BK 
953 |b 150600  |b 150601 
959 |a 18/20090203  |d 5  |e 0  |f АНЛ:1  |f ЧЗТЛ:1  |f УФ:3